|
|
|
|
| LEADER |
00951nam a2200241 a 4500 |
| 001 |
GR-Antirio1132 |
| 008 |
150302s2001 nyu g 000 0 eng d |
| 020 |
|
|
|a 0072129956
|
| 040 |
|
|
|a GrPaTEI
|b gre
|c GR-PaULI
|
| 040 |
|
|
|a GrPaTEI
|b gre
|c GR-PaULI
|
| 082 |
|
0 |
|a 005.369
|2 22
|
| 100 |
1 |
|
|a Kimmel, Paul
|
| 245 |
1 |
0 |
|a Builiding Dephi 6 applications /
|c Paul Kimmel.
|
| 260 |
|
|
|a New York :
|b Osborne/McGraw-Hill,
|c 2001
|
| 300 |
|
|
|a xxii, 774 σ. :
|b εικ. +
|e 1cd-rom
|
| 504 |
|
|
|a Includes bibliograrhical references and index
|
| 650 |
|
0 |
|a Computer sofware
|x Development
|
| 650 |
|
0 |
|a Delphi (Computer file)
|
| 710 |
0 |
|
|a Osborne/ McGraw-Hill
|
| 942 |
|
|
|2 ddc
|
| 952 |
|
|
|0 0
|1 0
|2 ddc
|4 0
|6 005_369000000000000_KIM
|7 0
|9 263003
|a LISK-2
|b LISK-2
|c BSC
|d 2021-01-17
|e 24
|f 0
|g 0.00
|l 0
|o 005.369 KIM
|p 2430000007817
|r 2021-01-17 00:00:00
|t 1
|w 2021-01-17
|y BK15
|x 20150302 0 ΧΑΣΑΝΗ 1
|x GrPaTEI - Antirrio
|
| 971 |
|
|
|a .b25709318
|b 15-04-20
|c 12-09-16
|
| 999 |
|
|
|c 151458
|d 151458
|